MARC

LEADER 00000nam0a2200000 4500
001 294670
005 20231102000727.0
020 |a RU  |b 84-38903 
035 |a (RuTPU)RU\TPU\book\319743 
090 |a 294670 
100 |a 20150515d1984 k y0rusy5003 ca 
101 0 |a rus 
102 |a BY 
105 |a y z 000zy 
200 1 |a Роль фантазии в научном познании  |f Э. А. Пармон 
210 |a Минск  |c Изд-во "Университетское"  |d 1984 
215 |a 176 с. 
606 1 |a Фантазия в научном познании  |2 stltpush  |3 (RuTPU)RU\TPU\subj\60547  |9 77828 
610 1 |a воображение 
610 1 |a теория познания 
610 1 |a научное мышление 
610 1 |a научное познание 
610 1 |a субъективно-личностный смысл 
610 1 |a активность 
610 1 |a формы 
610 1 |a эмпирические знание 
610 1 |a теоретическое знание 
686 |a Ю251.1  |v LBC/SL-A  |2 rubbk 
700 1 |a Пармон  |b Э. А.  |g Этолия Антоновна 
801 0 |a RU  |b RuMRKP  |c 19950704  |g psbo 
801 1 |a RU  |b 63413507  |c 20150515 
801 2 |a RU  |b 63413507  |c 20170724  |g RCR 
942 |c BK